MARC details
| 000 -LEADER |
| campo de control de longitud fija |
01677cam a22005054a 4500 |
| 001 - NÚMERO DE CONTROL |
| campo de control |
99003 |
| 005 - FECHA Y HORA DE LA ÚLTIMA TRANSACCIÓN |
| campo de control |
20230404125949.0 |
| 008 - DATOS DE LONGITUD FIJA--INFORMACIÓN GENERAL |
| campo de control de longitud fija |
100518s2010 bl a b 001 0 por c |
| 010 ## - NÚMERO DE CONTROL DE LA BIBLIOTECA DEL CONGRESO |
| Número de control de LC |
2010312769 |
| 035 ## - NÚMERO DE CONTROL DEL SISTEMA |
| Número de control de sistema |
(OCoLC)ocn526765204 |
| 040 ## - FUENTE DE CATALOGACIÓN |
| Centro catalogador/agencia de origen |
UBY |
| Centro/agencia transcriptor |
UBY |
| Centro/agencia modificador |
DLC |
| -- |
SBACH |
| -- |
UBA |
| 019 ## - |
| -- |
496248476 |
| 020 ## - NÚMERO INTERNACIONAL ESTÁNDAR DEL LIBRO |
| Número Internacional Estándar del Libro |
9788561501365 |
| 020 ## - NÚMERO INTERNACIONAL ESTÁNDAR DEL LIBRO |
| Número Internacional Estándar del Libro |
8561501367 |
| 035 ## - NÚMERO DE CONTROL DEL SISTEMA |
| Número de control de sistema |
(OCoLC)526765204 |
| Número de control cancelado/no válido |
(OCoLC)496248476 |
| 042 ## - CÓDIGO DE AUTENTICACIÓN |
| Código de autenticación |
pcc |
| -- |
lcode |
| 043 ## - CÓDIGO DE ÁREA GEOGRÁFICA |
| Código de área geográfica |
s-bl--- |
| 050 14 - SIGNATURA TOPOGRÁFICA DE LA BIBLIOTECA DEL CONGRESO |
| Número de clasificación |
103 F 2538.3 |
| Número de ítem |
D696h 2010 |
| 100 1# - ENTRADA PRINCIPAL--NOMBRE DE PERSONA |
| Nombre de persona |
Dória, Palmério. |
| 245 10 - MENCIÓN DEL TÍTULO |
| Título |
Honoráveis bandidos : |
| Resto del título |
um retrato do Brasil na era Sarney / |
| Mención de responsabilidad, etc. |
Palmério Dória. |
| 246 30 - FORMA VARIANTE DEL TITULO |
| Título propio/Titulo breve |
Retrato do Brasil na era Sarney |
| 250 ## - MENCION DE EDICION |
| Mención de edición |
4a ed. |
| 260 ## - PUBLICACIÓN, DISTRIBUCIÓN, ETC. |
| Lugar de publicación, distribución, etc. |
Sáo Paulo, SP : |
| Nombre del editor, distribuidor, etc. |
Gerácáo Editorial, |
| Fecha de publicación, distribución, etc. |
2010. |
| 300 ## - DESCRIPCIÓN FÍSICA |
| Extensión |
207 p. : |
| Otras características físicas |
ill. (some col.) ; |
| Dimensiones |
23 cm. |
| 504 ## - NOTA DE BIBLIOGRAFÍA, ETC. |
| Nota de bibliografía, etc. |
Includes bibliographical references and index. |
| 651 #0 - PUNTO DE ACCESO ADICIONAL DE MATERIA--NOMBRE GEOGRÁFICO |
| Nombre geográfico |
Brazil |
| Subdivisión general |
Politics and government |
| Subdivisión cronológica |
1985-2002. |
| 650 #0 - PUNTO DE ACCESO ADICIONAL DE MATERIA--TÉRMINO DE MATERIA |
| Término de materia o nombre geográfico como elemento de entrada |
Political corruption |
| Subdivisión geográfica |
Brazil. |
| 650 #0 - PUNTO DE ACCESO ADICIONAL DE MATERIA--TÉRMINO DE MATERIA |
| Término de materia o nombre geográfico como elemento de entrada |
Abuse of administrative power |
| Subdivisión geográfica |
Brazil. |
| 600 10 - PUNTO DE ACCESO ADICIONAL DE MATERIA--NOMBRE DE PERSONA |
| Nombre de persona |
Sarney, José. |
| 651 #4 - PUNTO DE ACCESO ADICIONAL DE MATERIA--NOMBRE GEOGRÁFICO |
| Nombre geográfico |
Brasil |
| Subdivisión general |
Política y gobierno |
| Subdivisión cronológica |
1985-2002 |
| 650 #4 - PUNTO DE ACCESO ADICIONAL DE MATERIA--TÉRMINO DE MATERIA |
| Término de materia o nombre geográfico como elemento de entrada |
Corrupción política |
| Subdivisión geográfica |
Brasil. |
| 650 #4 - PUNTO DE ACCESO ADICIONAL DE MATERIA--TÉRMINO DE MATERIA |
| Término de materia o nombre geográfico como elemento de entrada |
Abuso de poder |
| Subdivisión geográfica |
Brasil. |
| 650 #4 - PUNTO DE ACCESO ADICIONAL DE MATERIA--TÉRMINO DE MATERIA |
| Término de materia o nombre geográfico como elemento de entrada |
Periodismo de investigación |
| Subdivisión geográfica |
Brasil. |
| 656 #7 - TÉRMINO DE INDIZACIÓN--PROFESIÓN/OCUPACIÓN |
| Ocupación |
REPORTERES. |
| Fuente del término |
larpcal |
| 610 27 - PUNTO DE ACCESO ADICIONAL DE MATERIA--NOMBRE DE ENTIDAD CORPORATIVA |
| Nombre de entidad corporativa o nombre de jurisdicción como elemento de entrada |
Sarney, José |
| Fecha del congreso o de la firma del tratado |
1930- |
| 650 #7 - PUNTO DE ACCESO ADICIONAL DE MATERIA--TÉRMINO DE MATERIA |
| Término de materia o nombre geográfico como elemento de entrada |
Corrupcáo. |
| Fuente del encabezamiento o término |
larpcal |
| 650 #7 - PUNTO DE ACCESO ADICIONAL DE MATERIA--TÉRMINO DE MATERIA |
| Término de materia o nombre geográfico como elemento de entrada |
Política e governo |
| Subdivisión geográfica |
Brasil. |
| Fuente del encabezamiento o término |
larpcal |
| 650 #7 - PUNTO DE ACCESO ADICIONAL DE MATERIA--TÉRMINO DE MATERIA |
| Término de materia o nombre geográfico como elemento de entrada |
Coronelismo |
| Subdivisión geográfica |
Brasil. |
| Fuente del encabezamiento o término |
larpcal |
| 650 #7 - PUNTO DE ACCESO ADICIONAL DE MATERIA--TÉRMINO DE MATERIA |
| Término de materia o nombre geográfico como elemento de entrada |
Poder político. |
| Fuente del encabezamiento o término |
larpcal |
| 650 #7 - PUNTO DE ACCESO ADICIONAL DE MATERIA--TÉRMINO DE MATERIA |
| Término de materia o nombre geográfico como elemento de entrada |
Jornalismo investigativo. |
| Fuente del encabezamiento o término |
larpcal |
| 938 ## - |
| -- |
Susan Bach Books |
| -- |
BACH |
| -- |
SB-51824 |
| 942 ## - ELEMENTOS DE ENTRADA SECUNDARIOS (KOHA) |
| Fuente del sistema de clasificación o colocación |
Clasificación de Library of Congress |
| Tipo de ítem Koha |
|
| 946 ## - PROCESAMIENTO DE INFORMACIÓN LOCAL (OCLC) |
| a |
CV |
| 994 ## - |
| -- |
C0 |
| -- |
DRFGD |